Arrondissements les plus peuplés de Paris - Statistiques

Statistiques générales
  • Ce quiz a été pris 66 fois
  • Le résultat moyen est 17 sur 20
Statistiques - réponses
Classement Population Arrondissement % Correct
1 228 000 15e
98%
2 187 000 20e
96%
3 185 000 18e
95%
5 177 000 13e
93%
4 178 000 19e
93%
7 159 000 16e
86%
6 161 000 17e
86%
8 139 000 11e
82%
9 139 000 12e
82%
15 40 000 6e
80%
14 48 000 7e
80%
10 137 000 14e
79%
17 32 000 3e
79%
16 35 000 8e
79%
12 58 000 9e
79%
11 81 000 10e
77%
20 15 000 1er
77%
13 55 000 5e
77%
19 20 000 2e
75%
18 28 000 4e
75%
Aucun quiz correspondant
Distribution des résultats
% des personnes avec chaque résultat
Percentile par nombre de réponses
Votre historique - résultats
Vous n’avez pas pris ce quiz